| 000 | 01559nam a2200385 a 4500 | ||
|---|---|---|---|
| 001 | ebr10231332 | ||
| 003 | CaPaEBR | ||
| 006 | m u | ||
| 007 | cr cn||||||||| | ||
| 008 | 800924s1980 mnua sb 001 0 eng d | ||
| 010 | _z 80024415 | ||
| 020 | _z0816609777 | ||
| 020 | _z9780816609970 | ||
| 020 | _z9780816661749 | ||
| 040 |
_aCaPaEBR _cCaPaEBR |
||
| 035 | _a(OCoLC)607911600 | ||
| 050 | 1 | 4 |
_aQP86 _b.B83 1980eb |
| 082 | 0 | 4 |
_a612/.67/0724 _219 |
| 100 | 1 | _aBustad, Leo K. | |
| 245 | 1 | 0 |
_aAnimals, aging, and the aged _h[electronic resource] / _cLeo K. Bustad. |
| 260 |
_aMinneapolis : _bUniversity of Minnesota Press, _cc1980. |
||
| 300 |
_axviii, 227 p. : _bill. |
||
| 490 | 1 |
_aWesley W. Spink lectures on comparative medicine ; _vv. 5 |
|
| 500 | _aA modified expansion of the 1979 lectures given at the Duluth, Minneapolis, and St. Paul campuses of the University of Minnesota. | ||
| 504 | _aIncludes bibliographical references (p. 193-217) and index. | ||
| 533 |
_aElectronic reproduction. _bPalo Alto, Calif. : _cebrary, _d2013. _nAvailable via World Wide Web. _nAccess may be limited to ebrary affiliated libraries. |
||
| 650 | 0 | _aAging. | |
| 650 | 0 |
_aAging _xAnimal models. |
|
| 650 | 0 | _aGeriatrics. | |
| 650 | 0 |
_aPets _xPsychological aspects. |
|
| 655 | 7 |
_aElectronic books. _2local |
|
| 710 | 2 | _aebrary, Inc. | |
| 830 | 0 |
_aWesley W. Spink lectures on comparative medicine ; _vv. 5. |
|
| 856 | 4 | 0 |
_uhttp://site.ebrary.com/lib/rucke/Doc?id=10231332 _zAn electronic book accessible through the World Wide Web; click to view |
| 999 |
_c39712 _d39712 |
||